000 01248cam a22003617a 4500
003 CHAP
005 20220817043539.0
008 990608d1996 mx r 00010 spa d
010 _a78164
011 _a79136
020 _a9682995132
035 _a89291
040 _cCHAP
082 0 4 _a370.972
_bM4
110 1 _aMéxico. Dirección General de Planeación Educativa
245 1 0 _aProntuario estadístico, cultural y presupuestario
_c/por Secretaría de Educación Pública
260 _aMéxico, D.F. :
_bSecretaría de Educación Pública,
_c1996-
300 _av. :
_bgráfs.
500 _aLa biblioteca tiene: 1995, 1996
590 _aBATCH-UPD
_b10
_c20130110
_lUCH01
_h1746
590 _aBATCH-UPD
_b10
_c20130410
_lUCH01
_h1124
590 _aBATCH-UPD
_b10
_c20130914
_lUCH01
_h1133
590 _aCONVERSION
_b10
_c20130109
_lUCH01
_h1343
650 1 4 _aCultura
_zMéxico.
_930405
650 1 4 _aEducación
_xCostos.
_935426
650 1 4 _aEducación
_xEstadísticas.
_935437
650 1 4 _aEducación
_xMéxico.
_935466
901 _aBK
905 _aBlanca M. García O.
942 _cLIBRO
949 _a370.972 M4
_bBC
_cC
_d33724000726162
_eC
_f1995
_h95572
_i89291
_sb
949 _a370.972 M4
_bBC
_cC
_d33724000726170
_eC
_f1996
_h95571
_i89291
_sb
999 _c78164
_d78164